000 00902nam a22002657a 4500
001 24909
003 UA-OsUOA
005 20200302121731.0
007 ta
008 20040304b un ||||| |||| 00| 0 ukr d
020 _a5120039618
040 _aUA-OsUOA
_bukr
_cUA-OsUOA
_dUA-OsUOA
041 _aukr
044 _aUA
080 _a343
090 _a343
_bЧ-49
100 _aЧернишова Н. В.
245 _aКримінальне право України
_bтези лекцій і практичні завдання для курсантів Київського училища міліції МВС України
260 _aК.
_bНаукова Думка
_c1995
300 _a456 с.
650 7 _a343 Кримінальне право. Карні порушення
_2UDC
942 _cBK
_2udc
955 _a2
999 _c311195
_d311195